000 00897nam a22002531u 4500
001 05552
003 HDC
007 cr bn ---aaaaa
008 210120p2014 | d 00 engg
040 _aHDC
100 _a Aigbogun, Osaro
_eauthor
_95820
245 2 _aA Framework to Enhance Supply Chain Resilience The Case of Malaysian Pharmaceutical Industry / by
_cOsaro Aigbogun
260 _a[no place] :
_b[publisher not identified],
_c2014
300 _a 1 online resource (10 pages)
336 _atext
_2rdacontent
337 _acomputer
_2rdamedia
338 _aonline resource
_2rdacarrier
650 _aLogistics
_9782
650 _aSupply chain
_9537
856 _zRequest full-text at [email protected]
942 _2lcc
942 _cAR
942 _kJART 001405
999 _c2876
_d2876